000 00363nam a2200133Ia 4500
008 240624s9999 xx 000 0 und d
041 _aeng
082 _a320 TIL
100 _aTILLIN LOUISE
245 _aPOLITICS OF WELFARE COMPARISONS ACROSS I
260 _c2015
_aNew Delhi
_bOxford University Press
300 _axiii, : 237 : p. : cm. ; 22
365 _cRS
_b31
999 _c26999
_d26999